LEADER 01127nam2-2200361---450- 001 990003599610203316 005 20111201110515.0 010 $a978-964-5817-53-2 035 $a000359961 035 $aUSA01000359961 035 $a(ALEPH)000359961USA01 035 $a000359961 100 $a20111201d2008----km-y0itay50------ba 101 $aeng 102 $aUS 105 $a||||||||001yy 200 1 $a<<1:>> God and his attributes$fMujtaba Musavi Lari 210 $aPotomac, MD$cIslamic education center$cFoundation of Islamic cultural propagation in the world$d2008 215 $a205 p.$d22 cm 461 0$1001000359959$12001$aLessons on Islamic doctrine 606 1 $aIslamismo$2BNCF 676 $a297 700 1$aMUSAVI LARI,$bMujtaba$0481580 801 0$aIT$bsalbc$gISBD 912 $a990003599610203316 951 $aII.2. 5755 1$b228799 L.M.$cII.2.$d00269072 959 $aBK 969 $aUMA 979 $aIANNONE$b90$c20111201$lUSA01$h1055 979 $aIANNONE$b90$c20111201$lUSA01$h1100 979 $aIANNONE$b90$c20111201$lUSA01$h1105 996 $aGod and his attributes$91135537 997 $aUNISA